000 00200 a2200097 4500
001 6800
100 _aI
245 _aFoundation of Machine Woodworking
260 _a
_bPitman
_c
090 _c5621
_d5621
942 _aNUST-CAE
_cM
_c32069
999 _c241873
_d241873